Real estate investor''s checklist : Everything you need to know to find and finance the most profitable investment properties

Đã lưu trong:
Bibliografiske detaljer
Format: Sách
Sprog:Undetermined
Udgivet:  McGraw-Hill  2006
Fag:
Tags: Tilføj Tag
Ingen Tags, Vær først til at tagge denne postø!
Thư viện lưu trữ: Trung tâm Thư viện - Trường Đại học Công nghiệp TP. Hồ Chí Minh
LEADER 00494nam a2200133Ia 4500
001 UIH_05270
008 231011s9999 xx 000 0 und d
082 |a  332.6324 
245 0 |a  Real estate investor''s checklist : Everything you need to know to find and finance the most profitable investment properties 
260 |b  McGraw-Hill 
260 |c  2006 
650 |a  Đầu tư;  
927 |a Sách 
980 |a Trung tâm Thư viện - Trường Đại học Công nghiệp TP. Hồ Chí Minh